| 000 | 00400nam a22001577a 4500 | ||
|---|---|---|---|
| 005 | 20180508134739.0 | ||
| 008 | 180508b xxu||||| |||| 00| 0 eng d | ||
| 020 | _a9788-81-318-0795-8 | ||
| 041 | _aeng | ||
| 082 | _a628 | ||
| 100 |
_aMISHRA, DR RAJAN _94291 |
||
| 245 | _aA TEXTBOOK ON ENVIRONMENTAL STUDIES | ||
| 260 |
_aBANGALORE _bUNIVERSITY SCIENCE PRESS _c2009 |
||
| 300 | _a146p, | ||
| 942 | _cBK | ||
| 999 |
_c5688 _d5686 |
||